000 00623nam a2200181 a 4500
005 20140412111308.0
008 030415s19uu xx 00 eng d
050 _aER
_bLi72
100 _aMinarik, Else Homelund
245 _aLittle Bear /
_cby Else Homelund Minarik.
260 _aColumbus, Ohio :
_bWeekly Reader Books.
300 _a63 p. ; ill.
440 _aAn Early I Can Read Book
520 _aIt's Little Bear's birthday. But Mother Bear is nowhere to be seen. And there's no birthday cake! My goodness! What will Little Bear do?
650 _aBears--Fiction
650 _aShort stories
999 _c103791
_d103791